|
|
|
|
| LEADER |
02209nam a2200589 4500 |
| 001 |
ocn827944735 |
| 003 |
OCoLC |
| 005 |
20170124071614.2 |
| 006 |
m o d |
| 007 |
cr cnu---unuuu |
| 008 |
130218s2012 njua ob 001 0 eng d |
| 040 |
|
|
|a N$T
|b eng
|e pn
|c N$T
|d CDX
|d YDXCP
|d DG1
|d OCLCO
|d IDEBK
|d OCLCF
|d OCLCQ
|d DG1
|d GrThAP
|
| 019 |
|
|
|a 828490548
|
| 020 |
|
|
|a 9781118602973
|q (electronic bk.)
|
| 020 |
|
|
|a 1118602978
|q (electronic bk.)
|
| 020 |
|
|
|a 9781118602270
|q (electronic bk.)
|
| 020 |
|
|
|a 1118602277
|q (electronic bk.)
|
| 020 |
|
|
|a 9781299188211
|q (MyiLibrary)
|
| 020 |
|
|
|a 1299188214
|q (MyiLibrary)
|
| 020 |
|
|
|z 9781848213241
|
| 020 |
|
|
|z 1848213247
|
| 029 |
1 |
|
|a AU@
|b 000050718672
|
| 029 |
1 |
|
|a CHBIS
|b 009914542
|
| 029 |
1 |
|
|a CHVBK
|b 193006111
|
| 029 |
1 |
|
|a DEBBG
|b BV041907931
|
| 029 |
1 |
|
|a NZ1
|b 15915274
|
| 035 |
|
|
|a (OCoLC)827944735
|z (OCoLC)828490548
|
| 037 |
|
|
|a 450071
|b MIL
|
| 050 |
|
4 |
|a QA76.76.T48
|b H674 2012eb
|
| 072 |
|
7 |
|a COM
|x 051390
|2 bisacsh
|
| 072 |
|
7 |
|a COM
|x 051230
|2 bisacsh
|
| 072 |
|
7 |
|a COM
|x 051440
|2 bisacsh
|
| 082 |
0 |
4 |
|a 005.1
|2 23
|
| 049 |
|
|
|a MAIN
|
| 100 |
1 |
|
|a Homè̀s, Bernard.
|
| 245 |
1 |
0 |
|a Fundamentals of software testing /
|c Bernard Homè̀s.
|
| 264 |
|
1 |
|a Hoboken, NJ :
|b ISTE/Wiley,
|c 2012.
|
| 300 |
|
|
|a 1 online resource (xxix, 342 pages) :
|b illustrations
|
| 336 |
|
|
|a text
|b txt
|2 rdacontent
|
| 337 |
|
|
|a computer
|b c
|2 rdamedia
|
| 338 |
|
|
|a online resource
|b cr
|2 rdacarrier
|
| 504 |
|
|
|a Includes bibliographical references (pages 331-333) and index.
|
| 588 |
0 |
|
|a Print version record.
|
| 650 |
|
0 |
|a Computer software
|x Testing.
|
| 650 |
|
7 |
|a COMPUTERS
|x Programming
|x Open Source.
|2 bisacsh
|
| 650 |
|
7 |
|a COMPUTERS
|x Software Development & Engineering
|x General.
|2 bisacsh
|
| 650 |
|
7 |
|a COMPUTERS
|x Software Development & Engineering
|x Tools.
|2 bisacsh
|
| 650 |
|
7 |
|a Computer software
|x Testing.
|2 fast
|0 (OCoLC)fst00872601
|
| 655 |
|
4 |
|a Electronic books.
|
| 776 |
0 |
8 |
|i Print version:
|a Homè̀s, Bernard.
|t Fundamentals of software testing.
|d Hoboken, NJ : ISTE/Wiley, 2012
|z 9781848213241
|w (DLC) 2011040335
|w (OCoLC)757935671
|
| 856 |
4 |
0 |
|u https://doi.org/10.1002/9781118602270
|z Full Text via HEAL-Link
|
| 994 |
|
|
|a 92
|b DG1
|